[Event "Sparkassen-Open J"]
[Site "Heusenstamm, Martinsee"]
[Date "2018.11.24"]
[Round "2.7"]
[White "Fuchs, Henrik"]
[Black "Heuberger, Sandra"]
[Result "1-0"]
[WhiteElo "1163"]
[BlackElo "1055"]
[PlyCount "143"]
[EventDate "2018.??.??"]
[WhiteTeam "SC Bad Soden"]
[BlackTeam "SV RÃ¼dersdorf"]

1. d4 d5 2. c4 Nf6 3. Nf3 e6 4. Nc3 Be7 5. Bf4 O-O 6. e3 c5 7. dxc5 Bxc5 8.
cxd5 exd5 9. Bd3 Re8 10. O-O Bg4 11. h3 Bh5 12. Nb5 Bb6 13. Rc1 Nc6 14. g4 Bxg4
15. hxg4 Nxg4 16. Bxh7+ Kxh7 17. Ng5+ Kg8 18. Qxg4 a6 19. Nc3 d4 20. exd4 Qxd4
21. Rcd1 Qc5 22. Nge4 Qe7 23. Bh6 g6 24. Rd7 Qe5 25. Nd5 Re6 26. Nxb6 Qxe4 27.
Qxe4 Rxe4 28. Rxb7 Rg4+ 29. Kh2 Rh4+ 30. Kg3 Rxh6 31. Rc1 Rd8 32. Rxc6 Rd3+ 33.
Kg2 Rdh3 34. Nd7 Rh2+ 35. Kf3 R2h3+ 36. Ke2 R6h4 37. Rb8+ Kg7 38. Nf6 Kh6 39.
Rh8+ Kg5 40. Rxh4 Rxh4 41. Rxa6 Rf4 42. Nh7+ Kf5 43. Rf6+ Ke5 44. Rxf4 Kxf4 45.
a4 Ke5 46. b4 Kd5 47. a5 Kc6 48. Ke3 Kb5 49. Nf6 g5 50. Nd5 g4 51. Nc7+ Kc6 52.
Nd5 Kxd5 53. b5 Kc5 54. b6 Kc6 55. Kf4 Kb7 56. Kxg4 Ka6 57. Kf5 f6 58. f4 Kb7
59. Kxf6 Ka6 60. Ke7 Kb7 61. f5 Ka6 62. f6 Kb7 63. f7 Ka6 64. f8=Q Kb7 65. a6+
Kxa6 66. b7 Kxb7 67. Qf6 Kc7 68. Qd6+ Kb7 69. Kd7 Ka8 70. Kc7 Ka7 71. Qb6+ Ka8
72. Qb7# 1-0

[Event "Sparkassen-Open J"]
[Site "Heusenstamm, Martinsee"]
[Date "2018.11.24"]
[Round "2.8"]
[White "Trenz, Finn"]
[Black "Hentschker, Josefin"]
[Result "0-1"]
[WhiteElo "1023"]
[BlackElo "1162"]
[PlyCount "110"]
[EventDate "2018.??.??"]
[WhiteTeam "SK Gau-Algesheim"]
[BlackTeam "VSG Offenbach"]

1. e4 e5 2. Nf3 Nc6 3. Bc4 Bc5 4. Nc3 Nf6 5. d3 h6 6. O-O d6 7. h3 Be6 8. Bb3
O-O 9. Nh4 Nxe4 10. Bxe6 fxe6 11. Nf3 Ng3 12. Re1 Nf5 13. Be3 Bxe3 14. fxe3 Qe7
15. Qd2 d5 16. d4 Qf6 17. Rad1 e4 18. Nh2 a6 19. Rf1 Qg5 20. Rde1 Ncxd4 21.
Rxf5 Nxf5 22. Na4 Qe7 23. Ng4 Nh4 24. Qd4 Nf5 25. Qc3 Qd6 26. Ne5 d4 27. exd4
Qxd4+ 28. Qxd4 Nxd4 29. c3 b5 30. Nc5 Nf5 31. Rxe4 Nd6 32. Re1 Rfe8 33. Nc6 Kf7
34. Rf1+ Nf5 35. g4 g6 36. gxf5 gxf5 37. Ne5+ Kg7 38. Rf2 Kf6 39. Ng4+ Kg5 40.
Ne5 Kh4 41. Ncd3 Rg8+ 42. Kh2 Kg5 43. Nf7+ Kf6 44. Nde5 Rg7 45. Ng4+ Kxf7 46.
b3 h5 47. Ne5+ Kf6 48. Nc6 Rag8 49. Nb4 a5 50. Nc2 Rd8 51. b4 axb4 52. cxb4
Rgd7 53. Na3 Rd2 54. Rxd2 Rxd2+ 55. Kg3 Rd3+ 0-1

[Event "Sparkassen-Open J"]
[Site "Heusenstamm, Martinsee"]
[Date "2018.11.24"]
[Round "2.9"]
[White "Rehbein, Vitus"]
[Black "Kautz, Christopher"]
[Result "0-1"]
[WhiteElo "1159"]
[BlackElo "958"]
[PlyCount "108"]
[EventDate "2018.??.??"]
[WhiteTeam "Sz Bemerode"]
[BlackTeam "SK GrÃ¼ndau"]

1. e4 e5 2. Nf3 Nc6 3. Bc4 Bc5 4. O-O Nf6 5. Nc3 d6 6. d3 Be6 7. Bb3 Qe7 8. Bg5
O-O-O 9. Nd5 Bxd5 10. Bxd5 h6 11. Bxc6 hxg5 12. Bd5 Nxd5 13. exd5 f5 14. a4 g4
15. a5 gxf3 16. Qxf3 Rdf8 17. h3 g5 18. g4 f4 19. Rae1 Rf6 20. Kg2 Rfh6 21. Rh1
Bb4 22. c3 Bxa5 23. d4 Bb6 24. dxe5 dxe5 25. Qe4 Re8 26. Qf5+ Kb8 27. b4 Qf6
28. Qxf6 Rxf6 29. c4 c5 30. Rb1 Kc8 31. Rhd1 Rd8 32. bxc5 Bxc5 33. Rb5 b6 34.
Rc1 Kb7 35. Rbb1 Rc8 36. Re1 a6 37. Rb2 Bd4 38. Rd2 Bc3 39. Rdd1 Bxe1 40. Rxe1
Rcf8 41. c5 bxc5 42. Rb1+ Kc7 43. f3 Rd6 44. Ra1 Rxd5 45. Rxa6 Rd2+ 46. Kg1 Rb8
47. Ra1 c4 48. Kf1 c3 49. Ke1 Kc6 50. Rc1 Rb3 51. Rxc3+ Rxc3 52. Kxd2 Rxf3 53.
Ke2 Rxh3 54. Kf2 e4 0-1

[Event "Sparkassen-Open J"]
[Site "Heusenstamm, Martinsee"]
[Date "2018.11.24"]
[Round "2.10"]
[White "Huang, Luca Hanson"]
[Black "Riemann, Adrian"]
[Result "0-1"]
[WhiteElo "1141"]
[BlackElo "933"]
[PlyCount "88"]
[EventDate "2018.??.??"]
[WhiteTeam "SK Mannheim-Lindenhof"]
[BlackTeam "SK Bickenbach"]

1. e4 e6 2. d4 d5 3. Nc3 Nf6 4. exd5 exd5 5. Bd3 Nc6 6. Nf3 Bb4 7. O-O O-O 8.
Bd2 Bxc3 9. Bxc3 Ne4 10. Re1 Bf5 11. Bxe4 dxe4 12. Ne5 Nxe5 13. dxe5 Qg5 14.
Re3 Bg4 15. Rg3 Bxd1 16. Rxg5 Bxc2 17. e6 f6 18. Bb4 fxg5 19. Bxf8 Rxf8 20. Rc1
Bd3 21. Rxc7 Ba6 22. e7 Re8 23. Rd7 Kf7 24. Rd5 h6 25. b4 Rc8 26. h3 Bc4 27.
Re5 Bd3 28. a4 Re8 29. Ra5 a6 30. Rc5 Rxe7 31. Rf5+ Kg6 32. g4 e3 33. fxe3 Bxf5
34. gxf5+ Kxf5 35. Kf2 g4 36. h4 h5 37. a5 g5 38. hxg5 Kxg5 39. Kg2 Rxe3 40.
Kf2 Ra3 41. Kg2 Kf4 42. Kh2 Ra2+ 43. Kg1 Kf3 44. Kh1 Kg3 0-1

[Event "Sparkassen-Open J"]
[Site "Heusenstamm, Martinsee"]
[Date "2018.11.24"]
[Round "2.12"]
[White "Pessotschinski, Lars"]
[Black "Bangiev, Anton"]
[Result "0-1"]
[WhiteElo "1563"]
[BlackElo "1264"]
[PlyCount "64"]
[EventDate "2018.??.??"]
[WhiteTeam "TuS Makkabi"]
[BlackTeam "Sz Bemerode"]

1. e4 e5 2. Nf3 Nc6 3. d4 exd4 4. Nxd4 Nf6 5. Nxc6 bxc6 6. e5 Qe7 7. f4 Nd5 8.
Bc4 Nb6 9. Bb3 Ba6 10. Nc3 c5 11. a3 d6 12. Nd5 Nxd5 13. Qxd5 Rb8 14. Qc6+ Qd7
15. Qxa6 dxe5 16. Ba4 Rd8 17. Bxd7+ Rxd7 18. Qc8+ Rd8 19. Qxc7 Rd7 20. Qxe5+
Re7 21. Qxe7+ Bxe7 22. O-O O-O 23. Be3 Rb8 24. Rfe1 Rxb2 25. Bxc5 Bxc5+ 26. Kh1
Kf8 27. Re5 Bxa3 28. Rae1 Rb8 29. Ra5 Bb4 30. Raa1 Bxe1 31. Rxe1 a5 32. Re5
Rb1+ 0-1

[Event "Sparkassen-Open J"]
[Site "Heusenstamm, Martinsee"]
[Date "2018.11.24"]
[Round "2.13"]
[White "Willand, Mattis"]
[Black "Moldenhauer, Nils"]
[Result "1-0"]
[WhiteElo "1312"]
[BlackElo "1019"]
[PlyCount "71"]
[EventDate "2018.??.??"]
[WhiteTeam "SC FK Babenhausen"]
[BlackTeam "SV Oberursel"]

1. c4 e5 2. Nc3 Nf6 3. g3 Bc5 4. Bg2 Nc6 5. e3 d6 6. Nge2 Bg4 7. Qb3 Rb8 8. O-O
O-O 9. a3 Re8 10. Re1 h6 11. d3 a6 12. Bd2 Na7 13. d4 Bb6 14. h3 Bh5 15. g4 Bg6
16. Rad1 c5 17. dxe5 Rxe5 18. Nf4 Nh7 19. Ncd5 Bc7 20. Bc3 Re8 21. Nxc7 Qxc7
22. Nd5 Qd8 23. Rd2 Nc6 24. Red1 Na7 25. Nf4 Nc8 26. Qa4 Ng5 27. Ba5 Qf6 28.
Qxe8+ Kh7 29. Bc3 Qe7 30. Qxe7 Nxe7 31. Nxg6 Nxg6 32. Rxd6 b5 33. Rxa6 bxc4 34.
Rc6 Rb5 35. f4 Ne6 36. f5 1-0

[Event "Sparkassen-Open J"]
[Site "Heusenstamm, Martinsee"]
[Date "2018.11.24"]
[Round "2.14"]
[White "Ninnemann, Patrick"]
[Black "Kuchta, Maksim"]
[Result "0-1"]
[WhiteElo "799"]
[BlackElo "1023"]
[PlyCount "44"]
[EventDate "2018.??.??"]
[WhiteTeam "Chess Tigers"]
[BlackTeam "SC Heusenstamm"]

1. e4 e5 2. Nf3 Nc6 3. Bc4 Bc5 4. O-O Nf6 5. Nc3 O-O 6. d3 d6 7. Bg5 h6 8. Bh4
Bg4 9. h3 Bh5 10. Nd5 g5 11. Nxf6+ Qxf6 12. Bg3 Nd4 13. c3 Nxf3+ 14. gxf3 Bxf3
15. Qd2 Kh7 16. b4 Bb6 17. Rfe1 Rg8 18. Bd5 c6 19. Bc4 g4 20. hxg4 Rxg4 21. b5
Qh4 22. bxc6 Qh1# 0-1

[Event "Sparkassen-Open J"]
[Site "Heusenstamm, Martinsee"]
[Date "2018.11.24"]
[Round "2.15"]
[White "Lukes, Alexander"]
[Black "Culha, Merve"]
[Result "0-1"]
[WhiteElo "1021"]
[BlackElo "812"]
[PlyCount "38"]
[EventDate "2018.??.??"]
[WhiteTeam "SK MÃ¼nchen SÃ¼dost"]
[BlackTeam "SC Heusenstamm"]

1. e4 e5 2. f4 Nc6 3. Nf3 f6 4. fxe5 fxe5 5. Nxe5 Nxe5 6. Qh5+ Nf7 7. Bc4 Qe7
8. d3 g6 9. Bxf7+ Qxf7 10. Qe5+ Ne7 11. Qxh8 d6 12. Qd4 Bd7 13. Nc3 O-O-O 14.
Qxa7 Nc6 15. Qe3 Nb4 16. Qd2 Bh6 17. Qd1 Rf8 18. Qf3 Nxc2+ 19. Ke2 Nd4+ 0-1

[Event "Sparkassen-Open J"]
[Site "Heusenstamm, Martinsee"]
[Date "2018.11.24"]
[Round "2.16"]
[White "Bako, Evelin"]
[Black "Gruiosu, Paul Gabriel"]
[Result "1-0"]
[WhiteElo "1002"]
[BlackElo "793"]
[PlyCount "85"]
[EventDate "2018.??.??"]
[WhiteTeam "TSV Langenau"]
[BlackTeam "SG Trier"]

1. d4 d5 2. Nf3 Nf6 3. e3 Bf5 4. Bd3 e6 5. b3 Bd6 6. Bb2 O-O 7. Nbd2 Nc6 8. Ne5
a6 9. O-O h6 10. f3 Bb4 11. Re1 Qe7 12. Nxc6 bxc6 13. a4 a5 14. c3 Bd6 15. e4
dxe4 16. fxe4 Bg4 17. Qc2 e5 18. dxe5 Bxe5 19. Ba3 c5 20. Reb1 Nd7 21. Ra2 Rfe8
22. Rf1 Bd6 23. Raa1 Qg5 24. Rae1 Bh3 25. Re2 Ne5 26. Nc4 Bg4 27. Rd2 Bh3 28.
Rfd1 Nf3+ 29. Kf1 Nxd2+ 30. Rxd2 Be6 31. Nxd6 cxd6 32. Bc1 d5 33. Rf2 Qd8 34.
Rf3 dxe4 35. Bxe4 Bd5 36. Bxd5 Qxd5 37. Rg3 Rad8 38. Bxh6 Qd1+ 39. Qxd1 Rxd1+
40. Kf2 Rd2+ 41. Bxd2 Rd8 42. Bh6 Rd2+ 43. Bxd2 1-0

[Event "Sparkassen-Open J"]
[Site "Heusenstamm, Martinsee"]
[Date "2018.11.24"]
[Round "2.17"]
[White "Vick, Edward"]
[Black "Jelinek, Tim"]
[Result "1-0"]
[WhiteElo "994"]
[BlackElo "773"]
[PlyCount "39"]
[EventDate "2018.??.??"]
[WhiteTeam "TuS Makkabi Wiesbaden"]
[BlackTeam "SC Kahl"]

1. d4 d5 2. c4 dxc4 3. e4 e6 4. Nf3 Nf6 5. Nc3 b6 6. Bxc4 Bb7 7. Bg5 Be7 8. e5
Ne4 9. Bxe7 Qxe7 10. Nxe4 Bxe4 11. d5 Bxf3 12. Qxf3 Qb4+ 13. Qc3 Qxc3+ 14. bxc3
exd5 15. Bxd5 c6 16. Be4 O-O 17. O-O-O Re8 18. Rhe1 Rxe5 19. Rd8+ Re8 20. Rxe8#
1-0

[Event "Sparkassen-Open J"]
[Site "Heusenstamm, Martinsee"]
[Date "2018.11.24"]
[Round "2.18"]
[White "Heuberger, Melanie"]
[Black "von Knorre, Christoph"]
[Result "0-1"]
[WhiteElo "774"]
[BlackElo "970"]
[PlyCount "134"]
[EventDate "2018.??.??"]
[WhiteTeam "SV RÃ¼dersdorf"]
[BlackTeam "VSG Offenbach"]

1. d4 d5 2. c4 c6 3. Bf4 Bf5 4. Nc3 Nf6 5. e3 e6 6. cxd5 cxd5 7. Bb5+ Nc6 8.
Bg5 Be7 9. Nf3 O-O 10. O-O a6 11. Bd3 h6 12. Bh4 Bxd3 13. Qxd3 Nb4 14. Qb1 Ne4
15. Nxe4 Bxh4 16. g3 dxe4 17. Nxh4 Nd3 18. Qd1 Rc8 19. Qh5 Qd5 20. Qg4 Nxb2 21.
f3 Nc4 22. fxe4 Qd6 23. e5 Qe7 24. d5 Nxe3 25. Qf3 Nxf1 26. Rxf1 Rfd8 27. dxe6
Qxe6 28. Nf5 Qxe5 29. Qg4 Qc5+ 30. Rf2 Rd1+ 31. Kg2 g6 32. Nxh6+ Kf8 33. Qe4
Rc7 34. Rf4 Qg1+ 35. Kh3 Rd2 36. Qe6 Qxh2+ 37. Kg4 Qxh6 38. Re4 Qh5+ 39. Kf4
Qf5+ 40. Qxf5 gxf5 41. Kxf5 Rc5+ 42. Kf6 Rf2+ 43. Rf4 Rxf4+ 44. gxf4 Rc1 45.
Kg5 b5 46. Kh6 Ra1 47. Kg5 Rxa2 48. f5 b4 49. f6 Rf2 50. Kg4 Rxf6 51. Kg5 b3
52. Kxf6 b2 53. Ke5 Ke8 54. Kd4 f5 55. Kc3 b1=Q 56. Kd4 a5 57. Ke5 Qb2+ 58.
Kxf5 Qe2 59. Kf6 Kd7 60. Kf7 Qf2+ 61. Kg7 Ke6 62. Kg6 Qf6+ 63. Kh5 Qg7 64. Kh4
Kf5 65. Kh3 Kf4 66. Kh2 Kf3 67. Kh1 Qg2# 0-1

[Event "Sparkassen-Open J"]
[Site "Heusenstamm, Martinsee"]
[Date "2018.11.24"]
[Round "2.19"]
[White "Hentschker, Merlin"]
[Black "Milman, Sophie"]
[Result "1-0"]
[WhiteElo "959"]
[BlackElo "704"]
[PlyCount "87"]
[EventDate "2018.??.??"]
[WhiteTeam "VSG Offenbach"]
[BlackTeam "SC Heusenstamm"]

1. e4 e5 2. Nf3 Nc6 3. Bc4 Nf6 4. Nc3 Bc5 5. h3 h6 6. d3 d6 7. Nd5 Nxd5 8. exd5
Nd4 9. c3 Nf5 10. O-O O-O 11. d4 Bb6 12. dxe5 dxe5 13. Bd2 Qf6 14. Re1 Re8 15.
Bf4 Bd7 16. Bxe5 Qg6 17. Bd3 Qh5 18. g4 Qg6 19. Nh4 Qg5 20. Bxf5 Bxf5 21. Nxf5
g6 22. Nxh6+ Kh7 23. Nxf7 Qh4 24. Bg3 Qf6 25. Rxe8 Rxe8 26. d6 cxd6 27. Nxd6
Rd8 28. Qd2 Rf8 29. Ne4 Qf7 30. Ng5+ Kg7 31. Nxf7 Rxf7 32. Be5+ Kg8 33. Qh6 Rh7
34. Qxg6+ Kf8 35. Qxh7 Ke8 36. Rd1 Bc5 37. Bc7 Be7 38. Re1 Kd7 39. Qxe7+ Kc6
40. Re5 b5 41. Qd6+ Kb7 42. Re7 Ka8 43. Bb6 axb6 44. Qd8# 1-0

[Event "Sparkassen-Open J"]
[Site "Heusenstamm, Martinsee"]
[Date "2018.11.24"]
[Round "2.20"]
[White "Yang, Sophie"]
[Black "Scheerer, Amelie"]
[Result "0-1"]
[WhiteElo "759"]
[BlackElo "908"]
[PlyCount "52"]
[EventDate "2018.??.??"]
[WhiteTeam "SK Mannheim-Lindenhof"]
[BlackTeam "SV Ffm-Griesheim"]

1. e4 e5 2. Nf3 Nc6 3. Bc4 Bc5 4. d3 h6 5. Nc3 Nf6 6. O-O d6 7. Be3 Bg4 8. Qe2
Bd4 9. Bxd4 Nxd4 10. Qe3 Nxf3+ 11. gxf3 Bh3 12. Rfe1 O-O 13. Kh1 Nh5 14. Rg1
Nf4 15. d4 Qh4 16. dxe5 dxe5 17. Bf1 Rfe8 18. Bxh3 Qxh3 19. Rg3 Qh4 20. Rg4 Qh5
21. Nd5 Re6 22. Nxc7 Rg6 23. Nxa8 f5 24. exf5 Qxf5 25. Rxg6 Qxg6 26. Qxe5 Qg2#
0-1

[Event "Sparkassen-Open J"]
[Site "Heusenstamm, Martinsee"]
[Date "2018.11.24"]
[Round "3.1"]
[White "Lorenz, Alexander"]
[Black "Hentschker, Josefin"]
[Result "1-0"]
[WhiteElo "1748"]
[BlackElo "1162"]
[PlyCount "53"]
[EventDate "2018.??.??"]
[WhiteTeam "SV Bergwinkel"]
[BlackTeam "VSG Offenbach"]

1. e4 e5 2. Nf3 Nc6 3. d4 f6 4. dxe5 fxe5 5. Bc4 Nf6 6. Nc3 Bc5 7. Bg5 h6 8.
Bh4 Bb4 9. Bxf6 Qxf6 10. O-O d6 11. Nd5 Qg6 12. Nxc7+ Kd7 13. Nxa8 Qxe4 14. Qd5
Qg6 15. Bb5 Qe8 16. c3 a6 17. cxb4 axb5 18. Rad1 Qe6 19. Qxb5 Qxa2 20. Nxe5+
Kd8 21. Nxc6+ bxc6 22. Rxd6+ Bd7 23. Qxc6 Qf7 24. Rfd1 Ke8 25. Rxd7 Kf8 26.
Rd8+ Qe8 27. Qxe8# 1-0

[Event "Sparkassen-Open J"]
[Site "Heusenstamm, Martinsee"]
[Date "2018.11.24"]
[Round "3.2"]
[White "Schweizer, Michael"]
[Black "Laux, Filip"]
[Result "1-0"]
[WhiteElo "1498"]
[BlackElo "1053"]
[PlyCount "47"]
[EventDate "2018.??.??"]
[WhiteTeam "TuS Makkabi"]
[BlackTeam "VSG Offenbach"]

1. e4 c6 2. Nc3 d5 3. exd5 cxd5 4. g3 Bf5 5. Bg2 e6 6. d3 Nf6 7. Nge2 Bd6 8.
O-O Nbd7 9. Bf4 e5 10. Bg5 d4 11. Ne4 Bxe4 12. Bxe4 h6 13. Bxf6 Qxf6 14. Rb1
Rb8 15. f4 exf4 16. Nxf4 Bc5 17. Qf3 Ne5 18. Qg2 b6 19. Ng6 Qd6 20. Nxh8 Qf8
21. Bc6+ Kd8 22. Qd5+ Bd6 23. Nxf7+ Nxf7 24. Rxf7 1-0

[Event "Sparkassen-Open J"]
[Site "Heusenstamm, Martinsee"]
[Date "2018.11.24"]
[Round "3.3"]
[White "Kautz, Christopher"]
[Black "Althaus, Lennart"]
[Result "0-1"]
[WhiteElo "958"]
[BlackElo "1488"]
[PlyCount "96"]
[EventDate "2018.??.??"]
[WhiteTeam "SK GrÃ¼ndau"]
[BlackTeam "TV-GroÃŸostheim"]

1. e4 c5 2. Nf3 d6 3. Nc3 Nf6 4. d4 cxd4 5. Qxd4 Nc6 6. Qd3 Bd7 7. Bf4 g6 8.
Qc4 Bg7 9. Rd1 Rc8 10. Qb3 Qa5 11. Bd2 Qb4 12. Bc4 Qxb3 13. Bxb3 O-O 14. Ke2
Bg4 15. Rdg1 Nd4+ 16. Ke3 Bxf3 17. Kxd4 Nxe4+ 18. Ke3 Nxc3 19. bxc3 Bg4 20. c4
Be6 21. h4 Bxc4 22. Bxc4 Rxc4 23. Kd3 Rd4+ 24. Ke3 Rc8 25. Rc1 Rcc4 26. f3 Bh6+
27. Kf2 Rxd2+ 28. Kg3 Rdd4 29. Kf2 Bxc1 30. Rxc1 Rxh4 31. Kg3 Rhd4 32. c3 Rd3
33. a3 Kg7 34. Kh2 Rdxc3 35. Rxc3 Rxc3 36. a4 Re3 37. a5 d5 38. Kg1 d4 39. Kf2
Re6 40. f4 d3 41. g4 d2 42. f5 gxf5 43. gxf5 Re1 44. f6+ Kxf6 45. a6 d1=Q 46.
axb7 Qd2+ 47. Kf3 Re3+ 48. Kf4 Qd4# 0-1

[Event "Sparkassen-Open J"]
[Site "Heusenstamm, Martinsee"]
[Date "2018.11.24"]
[Round "3.5"]
[White "Riemann, Adrian"]
[Black "Fuchs, Henrik"]
[Result "1/2-1/2"]
[WhiteElo "933"]
[BlackElo "1163"]
[PlyCount "68"]
[EventDate "2018.??.??"]
[WhiteTeam "SK Bickenbach"]
[BlackTeam "SC Bad Soden"]

1. e4 e5 2. Nf3 Nc6 3. d4 exd4 4. Nxd4 Nf6 5. Nxc6 bxc6 6. Nc3 Bb4 7. Bd3 O-O
8. O-O Bxc3 9. bxc3 Re8 10. Re1 d5 11. e5 Bg4 12. f3 Bxf3 13. Qxf3 Qe7 14. Bf4
Nd7 15. Qh3 g6 16. c4 Rab8 17. Re3 d4 18. Re4 c5 19. Rae1 Nf8 20. Bh6 Ne6 21.
Qh4 g5 22. Qg4 Kh8 23. Qf5 Rg8 24. Rg4 Rg6 25. Bxg5 Nxg5 26. Rxg5 Qxg5 27. Qh3
Rh6 28. Qd7 Rg8 29. g3 Qd2 30. Re2 Qc1+ 31. Kg2 Rf8 32. e6 fxe6 33. Rxe6 Qd2+
34. Re2 Qa5 1/2-1/2

[Event "Sparkassen-Open J"]
[Site "Heusenstamm, Martinsee"]
[Date "2018.11.24"]
[Round "3.6"]
[White "Meng, Yuxuan"]
[Black "Yang, Marco"]
[Result "1-0"]
[WhiteElo "1274"]
[BlackElo "1278"]
[PlyCount "85"]
[EventDate "2018.??.??"]
[WhiteTeam "SV Walldorf"]
[BlackTeam "SK Mannheim-Lindenhof"]

1. e4 e5 2. Nf3 d6 3. d4 exd4 4. Nxd4 Nf6 5. Nc3 g6 6. Be3 Bg7 7. f3 O-O 8. Qd2
Nc6 9. O-O-O d5 10. Kb1 dxe4 11. Nxc6 Qxd2 12. Ne7+ Kh8 13. Rxd2 Be6 14. Ned5
Nxd5 15. Nxd5 Rad8 16. Bc4 Rd7 17. Bb3 Rfd8 18. Rhd1 a5 19. Nf4 Bf5 20. Rxd7
Rxd7 21. Rxd7 Bxd7 22. fxe4 b5 23. Bxf7 Bh6 24. g3 Kg7 25. Bd5 Kf6 26. Nh5+
gxh5 27. Bxh6 Bg4 28. Kc1 Ke5 29. Bf4+ Kf6 30. Bc6 b4 31. Bxc7 Kg5 32. Bxa5 h4
33. gxh4+ Kxh4 34. Bxb4 Kh3 35. Bd6 Bf3 36. a4 Be2 37. Bb5 Bf3 38. e5 Bd5 39.
a5 Kg4 40. a6 Kf5 41. Bd7+ Kg6 42. a7 Bb7 43. e6 1-0

[Event "Sparkassen-Open J"]
[Site "Heusenstamm, Martinsee"]
[Date "2018.11.24"]
[Round "3.7"]
[White "Keller, Erik"]
[Black "Rehbein, Vitus"]
[Result "1/2-1/2"]
[WhiteElo "1082"]
[BlackElo "1159"]
[PlyCount "76"]
[EventDate "2018.??.??"]
[WhiteTeam "SC Heusenstamm"]
[BlackTeam "Sz Bemerode"]

1. e4 Nf6 2. e5 Nd5 3. Nf3 Nc6 4. d4 e6 5. Bd3 b6 6. O-O Bb7 7. Be4 Nde7 8. Nc3
d5 9. Bd3 Ng6 10. Re1 Nh4 11. Kh1 Nxf3 12. Qxf3 Nxd4 13. Qg3 g6 14. Bg5 Be7 15.
Bxe7 Qxe7 16. Qf4 Nc6 17. Nb5 a6 18. Nd4 Nxd4 19. Qxd4 c5 20. Qe3 d4 21. Qe2
Qg5 22. Be4 Bxe4 23. Qxe4 O-O 24. Qd3 Qf5 25. Qxf5 exf5 26. f4 Rfe8 27. g3 Re6
28. Re2 Rae8 29. Rae1 f6 30. Kg2 Kf7 31. Kf3 c4 32. Rd1 fxe5 33. fxe5 Rxe5 34.
Rxe5 Rxe5 35. Rxd4 b5 36. Rd7+ Kg8 37. Rd8+ Kg7 38. Rd7+ Kh6 1/2-1/2

[Event "Sparkassen-Open J"]
[Site "Heusenstamm, Martinsee"]
[Date "2018.11.24"]
[Round "3.8"]
[White "Willand, Mattis"]
[Black "Bako, Evelin"]
[Result "1-0"]
[WhiteElo "1312"]
[BlackElo "1002"]
[PlyCount "83"]
[EventDate "2018.??.??"]
[WhiteTeam "SC FK Babenhausen"]
[BlackTeam "TSV Langenau"]

1. c4 e5 2. Nc3 c6 3. g3 Nf6 4. Bg2 Bc5 5. e3 O-O 6. Nge2 d5 7. cxd5 cxd5 8.
O-O d4 9. Ne4 Nxe4 10. Bxe4 f5 11. Qb3+ Kh8 12. Bxb7 Bxb7 13. Qxb7 Nd7 14. exd4
exd4 15. d3 Ne5 16. Nf4 Rb8 17. Qa6 Rf6 18. Qa4 Qc8 19. Qd1 g5 20. Ng2 g4 21.
Bf4 Bd6 22. Rc1 Qb7 23. Nh4 Nf3+ 24. Nxf3 gxf3 25. Bxd6 Rxd6 26. Rc2 f4 27. b3
fxg3 28. fxg3 Rf8 29. Rcf2 Rdf6 30. Qe1 Rg8 31. Qe5 Qg7 32. Qxd4 Rg6 33. Qxg7+
R6xg7 34. Rxf3 h6 35. Rf7 Rxf7 36. Rxf7 a5 37. Ra7 h5 38. Rxa5 h4 39. Rh5+ Kg7
40. Rg5+ Kh7 41. Rxg8 Kxg8 42. gxh4 1-0

[Event "Sparkassen-Open J"]
[Site "Heusenstamm, Martinsee"]
[Date "2018.11.24"]
[Round "3.9"]
[White "Bangiev, Anton"]
[Black "Vick, Edward"]
[Result "1-0"]
[WhiteElo "1264"]
[BlackElo "994"]
[PlyCount "49"]
[EventDate "2018.??.??"]
[WhiteTeam "Sz Bemerode"]
[BlackTeam "TuS Makkabi Wiesbaden"]

1. d4 d5 2. Nf3 e6 3. e3 c5 4. b3 Nf6 5. Bd3 Nc6 6. Nbd2 cxd4 7. exd4 Bd6 8.
Bb2 O-O 9. O-O Qe7 10. c4 dxc4 11. bxc4 e5 12. dxe5 Nxe5 13. Nxe5 Bxe5 14. Re1
Nd7 15. Bxe5 Nxe5 16. Qh5 g6 17. Qxe5 Qxe5 18. Rxe5 Be6 19. Rb1 Rfd8 20. Re3 b6
21. Nf3 Rd7 22. Ng5 Re8 23. Nxe6 fxe6 24. c5 bxc5 25. Bb5 1-0

[Event "Sparkassen-Open J"]
[Site "Heusenstamm, Martinsee"]
[Date "2018.11.24"]
[Round "3.10"]
[White "von Knorre, Christoph"]
[Black "Huang, Luca Hanson"]
[Result "0-1"]
[WhiteElo "970"]
[BlackElo "1141"]
[PlyCount "100"]
[EventDate "2018.??.??"]
[WhiteTeam "VSG Offenbach"]
[BlackTeam "SK Mannheim-Lindenhof"]

1. e4 e5 2. Nf3 Nc6 3. Bc4 Bc5 4. c3 Nf6 5. d4 exd4 6. O-O O-O 7. cxd4 Bb4 8.
Bg5 d6 9. e5 dxe5 10. dxe5 Qxd1 11. Rxd1 Ne4 12. a3 Ba5 13. b4 Bb6 14. Rf1 Bg4
15. Nbd2 Nxg5 16. Nxg5 Nxe5 17. Rae1 Nxc4 18. Nxc4 Bd7 19. Re7 Bb5 20. Rc1 Rad8
21. Nxb6 cxb6 22. Rxb7 Rd7 23. Rxd7 Bxd7 24. Rc7 Re8 25. h3 Be6 26. Rxa7 h6 27.
Nf3 Bd5 28. Nd2 Re2 29. Nf3 b5 30. Ra5 Bc4 31. Nd4 Re5 32. f4 Rd5 33. Nc6 Kf8
34. a4 Ke8 35. axb5 Bxb5 36. Na7 Rd1+ 37. Kh2 Bd7 38. b5 Rb1 39. Kg3 f5 40. Kh4
g6 41. Kg3 Rb3+ 42. Kh4 Kd8 43. Ra6 Be8 44. b6 Kd7 45. g4 Rb4 46. b7 Rxb7 47.
gxf5 Kc7 48. fxg6 Rb6 49. Rxb6 Kxb6 50. g7 Bf7 0-1

[Event "Sparkassen-Open J"]
[Site "Heusenstamm, Martinsee"]
[Date "2018.11.24"]
[Round "3.11"]
[White "Kanno, Clara Yumi"]
[Black "Hentschker, Merlin"]
[Result "1-0"]
[WhiteElo "1140"]
[BlackElo "959"]
[PlyCount "57"]
[EventDate "2018.??.??"]
[WhiteTeam "SK Altenkirchen"]
[BlackTeam "VSG Offenbach"]

1. e4 e5 2. Nf3 Nc6 3. Bc4 Bc5 4. c3 Qf6 5. d3 h6 6. Be3 d6 7. Bxc5 dxc5 8.
Nbd2 Bg4 9. h3 Bh5 10. Qb3 Na5 11. Qb5+ Nc6 12. Qxc5 Nge7 13. O-O-O b6 14. Qa3
O-O 15. g4 Bg6 16. h4 Qf4 17. h5 Bh7 18. Rdg1 Rfe8 19. g5 hxg5 20. Rxg5 Kf8 21.
Rhg1 g6 22. hxg6 fxg6 23. Qb3 Na5 24. Qb5 Nac6 25. Nxe5 Nxe5 26. Qxe5 Qxf2 27.
Qh8+ Ng8 28. Qxh7 Re7 29. Qxg8# 1-0

[Event "Sparkassen-Open J"]
[Site "Heusenstamm, Martinsee"]
[Date "2018.11.24"]
[Round "3.12"]
[White "Scheerer, Amelie"]
[Black "Ã–zyar, Arin"]
[Result "0-1"]
[WhiteElo "908"]
[BlackElo "1134"]
[PlyCount "40"]
[EventDate "2018.??.??"]
[WhiteTeam "SV Ffm-Griesheim"]
[BlackTeam "SC Bad Soden"]

1. e4 e5 2. Nf3 Nc6 3. Bc4 Bc5 4. c3 Nf6 5. d4 exd4 6. cxd4 Bb4+ 7. Bd2 Bxd2+
8. Nbxd2 d5 9. exd5 Nxd5 10. Ne5 O-O 11. O-O Nxd4 12. Nb3 Nxb3 13. Bxb3 Nf6 14.
Bxf7+ Kh8 15. Qc1 Qe7 16. Re1 Rxf7 17. Nxf7+ Qxf7 18. Qe3 Bd7 19. Qe7 Qxe7 20.
Rxe7 Kg8 0-1

[Event "Sparkassen-Open J"]
[Site "Heusenstamm, Martinsee"]
[Date "2018.11.24"]
[Round "3.13"]
[White "Merz, Leander"]
[Black "Fischer, Juliane"]
[Result "1-0"]
[WhiteElo "1114"]
[BlackElo "874"]
[PlyCount "123"]
[EventDate "2018.??.??"]
[WhiteTeam "Schachforum Darmstadt"]
[BlackTeam "SK Gernsheim"]

1. e4 e5 2. Nf3 Nc6 3. Bc4 Bc5 4. Nc3 Nf6 5. d3 h6 6. Be3 Nd4 7. Nxe5 O-O 8.
Nf3 Nxf3+ 9. Qxf3 Bb6 10. Qg3 Bxe3 11. Qxe3 d6 12. h3 Be6 13. Bxe6 fxe6 14. O-O
d5 15. Qe2 d4 16. Nd1 e5 17. c3 Qd7 18. Rc1 c5 19. Qc2 Qe6 20. cxd4 cxd4 21.
Qa4 Qb6 22. f4 Qd6 23. fxe5 Qxe5 24. Rf5 Qe6 25. b3 Rac8 26. Rb1 a6 27. Qxd4
Rfd8 28. Qe3 Rc2 29. Rb2 Rc6 30. Nf2 Qe7 31. d4 Qc7 32. e5 Nd5 33. Qg3 Rc1+ 34.
Kh2 Qa5 35. Ng4 Qe1 36. Qxe1 Rxe1 37. Rf3 Ne7 38. Rd2 Re4 39. Rg3 Rexd4 40.
Rxd4 Rxd4 41. Kg1 Re4 42. Nf6+ Kf7 43. Nxe4 Nf5 44. Rf3 g6 45. Nd6+ Ke6 46.
Nxf5 gxf5 47. Kf2 Kxe5 48. Re3+ Kd4 49. g4 fxg4 50. hxg4 b5 51. b4 Kc4 52. Re4+
Kd3 53. Kf3 Kc2 54. Ke3 Kb2 55. Kd2 Kxa2 56. Kc2 a5 57. bxa5 b4 58. Rxb4 Ka3
59. Kc3 h5 60. a6 h4 61. a7 h3 62. a8=R# 1-0